000 00497nam a2200169Ia 4500
008 240729s9999 xx 000 0 und d
022 _a1751-8679
245 0 _aIET Electric Power Applications
260 _aUnited Kingdom
260 _bWiley
650 _a Applications of electric power
650 _a Electrical engineering. Electronics. Nuclear engineering
650 _aTechnology
856 _uhttps://doaj.org/toc/531e273e6fa349128d8247c779793b04
942 _2ddc
942 _cDOAJEJ
999 _c72640
_d72640
945 _a1
_bMadushi Gamage
_c1
_dMadushi Gamage